A nova lei do motorista profissional e os direitos fundamentais

Detalles Bibliográficos
Autor principal: Asta Gemignani, Tereza Aparecida
Otros Autores: Gemignani, Daniel
Formato: eBook
Lenguaje:portugués
Publicado: San Pablo: LTR, 2019
Materias:
Acceso en línea:Acceso restringido

MARC

LEADER 00000nam a22000007a 4500
005 2022033100520.0
007 cr|||| ||||
008 220331s2019 br |||||s|||| 00||0 por d
020 |a 978-85-301-0024-7 
035 |a 35995 
040 |a vLex 
090 |c 13096  |d 13096 
100 1 |a Asta Gemignani, Tereza Aparecida 
245 1 1 |a A nova lei do motorista profissional e os direitos fundamentais  |h [Recurso electrn̤ico] /  |c Tereza Aparecida Asta Gemignani, Daniel Gemignani 
256 |a Servicio en ln̕ea 
260 |a San Pablo:  |b LTR,  |c 2019 
300 |a 1 recurso electrn̤ico 
506 1 |a Disponible solo en los productos indicados  |d vLex Global  |d vLex Global (Academic Edition, excluding Law Schools)  |d vLex Global (U.S. Academic Edition, Law Schools)  |d vLex Global (U.S. Academic Edition, excluding Law Schools)  |d vLex Global (Academic Edition, Law Schools) 
650 0 4 |a Derecho Laboral y Seguridad Social  |z Brasil 
700 1 |a Gemignani, Daniel 
740 0 |a vLex Libros (Servicio en ln̕ea) 
856 4 0 |u https://app.vlex.com/#/sources/35995  |z Acceso restringido 
942 |c BOOK 
999 0 |a Labor law and social security